000 00490nab a2200145Ia 4500
003 ES-SlBCS
005 20210601132848.0
008 140529s1957 xxu||||| |||| 00| 0 ita d
041 _aita
100 1 _aDegan, Giovanni del
_963155
245 0 0 _aIl problema dell'origine dell'anima intellettiva secondo Antonio Rosmini
_c Giovanni del Degan
600 1 4 _aRosmini-Alma Intelectiva
_9199605
773 0 _tGiornali di Metafisica
_gvol. 12, nº. 6, 1957, págs. 676-707
_w0017-0372
942 _cAR
999 _c586815
_d586815